|
|
|
|
| LEADER |
00927nam a2200277 4500 |
| 001 |
DLU210196156 |
| 005 |
##20210420 |
| 040 |
# |
# |
|a DLU
|b vie
|
| 041 |
# |
# |
|a vie
|
| 044 |
# |
# |
|a vn
|
| 100 |
# |
# |
|a Đào Thị Hoàng Mai.
|
| 245 |
# |
# |
|a Chính sách phát triển nông nghiệp hữu cơ ở Hàn Quốc và hàm ý cho Việt Nam /
|c Đào Thị Hoàng Mai, Kim Ki-hueng.
|
| 653 |
# |
# |
|a Chính sách nông nghiệp
|
| 653 |
# |
# |
|a Hàn Quốc
|
| 653 |
# |
# |
|a Hữu cơ
|
| 653 |
# |
# |
|a Việt Nam
|
| 700 |
# |
# |
|a Kim Ki-hueng.
|
| 773 |
# |
# |
|t Tạp chí Khoa học xã hội Việt Nam
|g Số 7, 2019, tr. 48-54
|
| 920 |
# |
# |
|a Phòng Tạp chí -- Trung tâm Thông tin - Thư viện Trường Đại học Đà Lạt
|
| 900 |
# |
# |
|a True
|
| 911 |
# |
# |
|a Hoàng Thị Huyền
|
| 925 |
# |
# |
|a G
|
| 926 |
# |
# |
|a A
|
| 927 |
# |
# |
|a BB
|
| 980 |
# |
# |
|a Thư viện Trường Đại học Đà Lạt
|